000 01052nam a2200193Ia 4500
008 130821s1987 ck gr spa
020 _a9581800018
040 _aCo-BoUCM
_bspa
041 0 0 _aspa
100 1 _aLleras Camargo, Alberto
_d1906-1990
_938643
245 1 0 _aObras selectas de Alberto Lleras
_cAlberto Lleras Camargo
260 _aBogotá (Colombia)
_bBiblioteca de la Presidencia de la República
_c1987
300 _a11 volumen
505 _aV. 1 : Mi gente y otros textos. -- V. 2 : El periodista (a). -- V. 3 : El periodista (b). -- V. 4 : El intelectual (a). -- V. 5 : El intelectual (b). -- V. 6 : El orador. -- V. 7 : En el parlamento. -- V. 8 : Aspiro a que me gobiernen como he gobernado. -- V. 9 : El defensor de América Latina. -- V. 10 : Colecciones H.J.C.K. Radiodifusora Nacional. -- V. 11 : Indices y corrigenda.
600 1 4 _aLleras Camargo, Alberto
_d1906-1990
_vEscritos políticos
_9124482
650 0 4 _aCiencia política
_9340
942 _cLIBRO
_a6
_e1
_mLL37
_n0
_2DEWEY
_h320.5
999 _c32260
_d32260